[Event "Quebec-ch Elite"]
[Site "Montreal"]
[Date "2011.10.10"]
[Round "6"]
[White "Seguin, Rene"]
[Black "Zhu, Hong Rui"]
[Result "0-1"]
[WhiteElo "1954"]
[BlackElo "2101"]
[PlyCount "52"]
[EventDate "2011.10.07"]
[EventType "swiss"]
[EventRounds "7"]
[EventCountry "CAN"]
[SourceTitle "EXT 2022"]
[Source "ChessBase"]
[SourceDate "2021.10.06"]
[SourceVersion "1"]
[SourceVersionDate "2021.10.06"]
[SourceQuality "1"]

1. c4 c5 2. g3 Nc6 3. Bg2 g6 4. Nc3 Bg7 5. a3 e5 6. e3 d6 7. Nge2 Nge7 8. 0-0 0-0 9. Rb1 a5 10. d3 Rb8 11. h3 Be6 12. Nd5 Kh8 13. Nec3 f5 14. f4 Bg8 15. Bd2 Re8 16. b4 axb4 17. axb4 Nxd5 18. Nxd5 Bxd5 19. Bxd5 exf4 20. exf4 cxb4 21. Re1 Qb6+ 22. Kg2 Qc5 23. Qf3 Nd4 24. Qf2 Nc2 25. Re2 b6 26. Rb3 Rxe2 0-1

[Event "Quebec-ch Elite"]
[Site "Montreal"]
[Date "2011.10.09"]
[Round "4"]
[White "Seguin, Rene"]
[Black "Drolet, Stephane"]
[Result "0-1"]
[WhiteElo "1954"]
[BlackElo "2187"]
[PlyCount "128"]
[EventDate "2011.10.07"]
[EventType "swiss"]
[EventRounds "7"]
[EventCountry "CAN"]
[SourceTitle "EXT 2022"]
[Source "ChessBase"]
[SourceDate "2021.10.06"]
[SourceVersion "1"]
[SourceVersionDate "2021.10.06"]
[SourceQuality "1"]

1. c4 Nf6 2. g3 c6 3. Bg2 d5 4. Nf3 Bg4 5. Qb3 Qb6 6. Qxb6 axb6 7. cxd5 Nxd5 8. Nc3 e6 9. 0-0 Be7 10. d3 Nd7 11. Bd2 0-0 12. h3 Bh5 13. Nxd5 exd5 14. Bc3 b5 15. a3 Ra4 16. g4 Bg6 17. Rac1 Re8 18. Rfe1 h5 19. g5 h4 20. d4 Bh5 21. e3 Bxf3 22. Bxf3 Bxg5 23. Bb4 Be7 24. Bxe7 Rxe7 25. Kh2 Nf6 26. Rg1 Re8 27. Bd1 Rc4 28. Bb3 Rxc1 29. Rxc1 Ne4 30. Rc2 g5 31. Re2 Kg7 32. Bc2 Nd6 33. Bd3 f5 34. Kg2 Kf6 35. f3 Ra8 36. Kf2 Ra4 37. Rc2 b4 38. axb4 Rxb4 39. Ke2 Nc4 40. Bxc4 Rxc4 41. Rd2 Rc1 42. Kf2 Ke6 43. Kg2 Rb1 44. Kf2 b6 45. Rc2 Kd6 46. Re2 c5 47. dxc5+ bxc5 48. e4 fxe4 49. fxe4 dxe4 50. Ke3 Ke5 51. Rc2 Re1+ 52. Kf2 Rh1 53. Kg2 Rb1 54. Rxc5+ Kf4 55. Rc2 Ke3 56. Rc3+ Ke2 57. Rc5 Rxb2 58. Rxg5 e3 59. Rd5 Ke1+ 60. Kg1 e2 61. Kg2 Rb3 62. Rd7 Rg3+ 63. Kh2 Kf2 64. Rf7+ Rf3 0-1

[Event "Quebec-ch Elite"]
[Site "Montreal"]
[Date "2011.10.07"]
[Round "1"]
[White "Qin, Zi Yi"]
[Black "Seguin, Rene"]
[Result "1-0"]
[WhiteElo "2245"]
[BlackElo "1954"]
[PlyCount "69"]
[EventDate "2011.10.07"]
[EventType "swiss"]
[EventRounds "7"]
[EventCountry "CAN"]
[SourceTitle "EXT 2022"]
[Source "ChessBase"]
[SourceDate "2021.10.06"]
[SourceVersion "1"]
[SourceVersionDate "2021.10.06"]
[SourceQuality "1"]

1. e4 c5 2. Nf3 e6 3. d4 cxd4 4. Nxd4 Nf6 5. Nc3 d6 6. Bc4 Be7 7. Be3 a6 8. Bb3 Nc6 9. Qe2 Qc7 10. 0-0-0 0-0 11. g4 Na5 12. g5 Nd7 13. Rhg1 b5 14. Qh5 b4 15. Nf5 Nxb3+ 16. axb3 Ne5 17. Nxe7+ Qxe7 18. Ne2 Bb7 19. Ng3 Rac8 20. f4 g6 21. Qe2 Nd7 22. Kb1 Nc5 23. Bd2 a5 24. h4 d5 25. h5 Nxe4 26. Nxe4 dxe4 27. Be3 f6 28. gxf6 Qxf6 29. Bd4 Qxf4 30. hxg6 h6 31. Rdf1 Qh4 32. Rf7 e5 33. Bxe5 Rxf7 34. gxf7+ Kxf7 35. Qb5 1-0

[Event "Quebec op"]
[Site "Montreal"]
[Date "1998.07.31"]
[Round "8"]
[White "Seguin, Rene"]
[Black "Leriche, Felix"]
[Result "0-1"]
[WhiteElo "1938"]
[BlackElo "2216"]
[PlyCount "63"]
[EventDate "1998.07.25"]
[EventType "swiss"]
[EventRounds "9"]
[EventCountry "CAN"]
[SourceTitle "EXT 2022"]
[Source "ChessBase"]
[SourceDate "2021.10.06"]
[SourceVersion "1"]
[SourceVersionDate "2021.10.06"]
[SourceQuality "1"]

1. e4 c6 2. d4 d5 3. Nd2 dxe4 4. Nxe4 Bf5 5. Ng3 Bg6 6. Nf3 Nd7 7. h4 h6 8. h5 Bh7 9. Bd3 Bxd3 10. Qxd3 Ngf6 11. Bd2 e6 12. 0-0-0 Qc7 13. Ne4 0-0-0 14. g3 Nc5 15. Nxc5 Bxc5 16. c4 Bd6 17. Qe2 c5 18. dxc5 Qxc5 19. Bc3 a6 20. Ne5 Qc7 21. f4 Kb8 22. Rxd6 Rxd6 23. Nxf7 Qxf7 24. Be5 Qc7 25. Rd1 Rhd8 26. Rxd6 Rxd6 27. b4 Nd7 28. Bxg7 Rc6 29. c5 Nxc5 30. Be5 Nd3+ 31. Kd2 Nxe5 32. Qxe5 0-1

[Event "Quebec op"]
[Site "Montreal"]
[Date "1998.07.26"]
[Round "3"]
[White "Seguin, Rene"]
[Black "Wolrich, Charles"]
[Result "0-1"]
[WhiteElo "1938"]
[BlackElo "2135"]
[PlyCount "108"]
[EventDate "1998.07.25"]
[EventType "swiss"]
[EventRounds "9"]
[EventCountry "CAN"]
[SourceTitle "EXT 2022"]
[Source "ChessBase"]
[SourceDate "2021.10.06"]
[SourceVersion "1"]
[SourceVersionDate "2021.10.06"]
[SourceQuality "1"]

1. e4 e6 2. d4 d5 3. Nd2 Nf6 4. e5 Ne4 5. Bd3 Nxd2 6. Bxd2 c5 7. c3 Qb6 8. Qb3 c4 9. Qxb6 axb6 10. Bc2 Nc6 11. Ne2 b5 12. b4 cxb3 13. Bxb3 Na5 14. 0-0 Bd7 15. Bc2 Nc4 16. Rfd1 b4 17. cxb4 Ba4 18. Bxa4+ Rxa4 19. Be1 Kd7 20. Nc3 Rxb4 21. Rab1 Kc6 22. a4 Rxb1 23. Rxb1 Be7 24. Nb5 Ra8 25. Bb4 Rxa4 26. Bxe7 Nd2 27. Nc3 Rc4 28. Rd1 Rxc3 29. Bb4 Rc4 30. Bxd2 Rxd4 31. f3 b5 32. Rc1+ Rc4 33. Kf2 d4 34. Rxc4+ bxc4 35. Ke2 Kb5 36. Kd1 c3 37. Be1 Kc4 38. Bf2 d3 39. Kc1 Kd5 40. f4 Ke4 41. Kd1 h5 42. g3 Kf3 43. Bd4 c2+ 44. Kd2 Kg2 45. Be3 Kxh2 46. g4 hxg4 47. Kxd3 g3 48. Kxc2 g2 49. Kd3 g1Q 50. Bxg1+ Kxg1 51. Ke4 Kf2 52. f5 Kg3 53. f6 gxf6 54. exf6 Kg4 0-1

[Event "Quebec-ch amateur"]
[Site "Montreal"]
[Date "1993.10.10"]
[Round "4"]
[White "Seguin, Rene"]
[Black "Abreu Cordero, Jose Leonardo"]
[Result "0-1"]
[WhiteElo "2016"]
[BlackElo "2100"]
[PlyCount "124"]
[EventDate "1993.10.08"]
[EventType "swiss"]
[EventRounds "5"]
[EventCountry "CAN"]
[SourceTitle "EXT 2022"]
[Source "ChessBase"]
[SourceDate "2021.10.06"]
[SourceVersion "1"]
[SourceVersionDate "2021.10.06"]
[SourceQuality "1"]

1. e4 e6 2. d4 d5 3. Nd2 c5 4. exd5 exd5 5. Ngf3 Nc6 6. Bb5 a6 7. Bxc6+ bxc6 8. 0-0 f6 9. Re1+ Kf7 10. dxc5 Bxc5 11. Ne4 Be7 12. Ng3 h5 13. h3 Qc7 14. Nd4 g6 15. Qe2 h4 16. Nf1 Rh5 17. Ne3 Bd7 18. c4 Qb6 19. Nf3 d4 20. Nc2 c5 21. b4 Re8 22. bxc5 Bxc5 23. Qf1 Rxe1 24. Qxe1 Bf5 25. Qd1 Ne7 26. Ncxd4 Be4 27. Be3 Bxf3 28. gxf3 Rh8 29. Qb3 Qd6 30. Nc2 Rc8 31. Bxc5 Rxc5 32. Ne3 Qf4 33. Nd5 Qg5+ 34. Kh1 Qf5 35. Kg2 Nxd5 36. cxd5 Qxd5 37. Re1 Qxb3 38. axb3 f5 39. f4 Rb5 40. Re3 Rb4 41. Kf3 a5 42. Rd3 Kf6 43. Rc3 Ke7 44. Re3+ Kd6 45. Rd3+ Kc5 46. Ke3 Re4+ 47. Kf3 Re6 48. Rd8 Rb6 49. Rd3 Kb4 50. Rd5 Rc6 51. Kg2 Rc3 52. Rd6 Kxb3 53. Rxg6 a4 54. Rf6 Rc5 55. Rb6+ Kc4 56. Kf3 a3 57. Ra6 Kb3 58. Rb6+ Kc2 59. Ra6 Rc3+ 60. Ke2 Kb2 61. Rb6+ Rb3 62. Rd6 a2 0-1

[Event "Quebec op"]
[Site "Montreal"]
[Date "1993.08.05"]
[Round "6"]
[White "Morin, Yves"]
[Black "Seguin, Rene"]
[Result "1/2-1/2"]
[WhiteElo "2374"]
[BlackElo "2004"]
[PlyCount "164"]
[EventDate "1993.07.31"]
[EventType "swiss"]
[EventRounds "8"]
[EventCountry "CAN"]
[SourceTitle "EXT 2022"]
[Source "ChessBase"]
[SourceDate "2021.10.06"]
[SourceVersion "1"]
[SourceVersionDate "2021.10.06"]
[SourceQuality "1"]

1. Nf3 c5 2. g3 g6 3. Bg2 Bg7 4. 0-0 e5 5. d3 Ne7 6. c4 0-0 7. Nc3 d6 8. Ne1 Nbc6 9. Nc2 Be6 10. Ne3 Qd7 11. Ne4 h6 12. f4 f5 13. Nc3 Kh7 14. Ned5 Bf7 15. Rb1 Nxd5 16. Nxd5 Ne7 17. Kh1 Nxd5 18. cxd5 exf4 19. gxf4 Rae8 20. b3 Bd4 21. e4 Qe7 22. Qf3 Qh4 23. Qg3 Qxg3 24. hxg3 Re7 25. Bb2 Bxb2 26. Rxb2 a5 27. Kg1 Be8 28. Re1 Bb5 29. Rd2 Rfe8 30. Kf2 b6 31. Rdd1 Kg7 32. Bf3 h5 33. Bg2 Kf6 34. Ke3 Ba6 35. Kd2 b5 36. Re3 Kg7 37. Rde1 Kf6 38. e5+ Kf7 39. a3 Bb7 40. Bf3 Bc8 41. e6+ Kf6 42. Rh1 Bb7 43. Kc3 Rc7 44. Ree1 Rec8 45. Rc1 b4+ 46. Kb2 Ba6 47. Rhd1 Bb5 48. a4 Be8 49. Rc4 Ke7 50. Be2 Kd8 51. Rdc1 Ke7 52. R1c2 g5 53. fxg5 Bg6 54. Rc1 Rg8 55. Rf4 Bh7 56. Rh1 Rxg5 57. Rxh5 Rxh5 58. Bxh5 Rc8 59. Rh4 Rg8 60. Be2 Rg7 61. Rh6 Bg6 62. Kc1 Be8 63. Rh3 Bg6 64. Kd2 Rh7 65. Rxh7+ Bxh7 66. Bh5 Kf6 67. Ke3 f4+ 68. gxf4 Bf5 69. Be2 Bg6 70. Bd1 Kf5 71. Bf3 Kf6 72. Bd1 Kf5 73. d4 cxd4+ 74. Kxd4 Kxf4 75. Be2 Kg5 76. Bd3 Bh5 77. Bb5 Kf6 78. Bc6 Bd1 79. Kc4 Be2+ 80. Kd4 Bd1 81. Kc4 Be2+ 82. Kd4 Bd1 1/2-1/2

[Event "Quebec op"]
[Site "Montreal"]
[Date "1993.08.02"]
[Round "3"]
[White "Seguin, Rene"]
[Black "Leveille, Francois"]
[Result "1/2-1/2"]
[WhiteElo "2004"]
[BlackElo "2333"]
[PlyCount "70"]
[EventDate "1993.07.31"]
[EventType "swiss"]
[EventRounds "8"]
[EventCountry "CAN"]
[SourceTitle "EXT 2022"]
[Source "ChessBase"]
[SourceDate "2021.10.06"]
[SourceVersion "1"]
[SourceVersionDate "2021.10.06"]
[SourceQuality "1"]

1. e4 e6 2. d4 d5 3. Nd2 a6 4. Ngf3 c5 5. exd5 exd5 6. c4 Nf6 7. Nb3 dxc4 8. Qe2+ Be7 9. Nxc5 0-0 10. Qxc4 b6 11. Nd3 Be6 12. Qc2 Bf5 13. Be2 Be4 14. 0-0 Nc6 15. Be3 Qd5 16. Qd2 Rad8 17. h3 Qf5 18. Rac1 Bxf3 19. Bxf3 Nxd4 20. Bxd4 Rxd4 21. Qe3 Rd7 22. Rfd1 Rfd8 23. Ne5 Rxd1+ 24. Rxd1 Rxd1+ 25. Bxd1 Bc5 26. Qe2 g5 27. Nd3 Bd6 28. Qf3 Qc8 29. Bb3 h5 30. Qe3 Qf5 31. Qf3 Qb5 32. Qa8+ Kh7 33. Qf3 Kg8 34. Qa8+ Kh7 35. Qf3 Kg8 1/2-1/2

[Event "Quebec-ch Amateur"]
[Site "Montreal"]
[Date "1992.10.11"]
[Round "5"]
[White "Bolduc, Steve"]
[Black "Seguin, Rene"]
[Result "1/2-1/2"]
[WhiteElo "2009"]
[BlackElo "1989"]
[PlyCount "63"]
[EventDate "1992.10.09"]
[EventType "swiss"]
[EventRounds "5"]
[EventCountry "CAN"]
[SourceTitle "EXT 2022"]
[Source "ChessBase"]
[SourceDate "2021.10.06"]
[SourceVersion "1"]
[SourceVersionDate "2021.10.06"]
[SourceQuality "1"]

1. d4 Nf6 2. Nf3 g6 3. Bg5 Ne4 4. Bh4 Bg7 5. Nbd2 d5 6. e3 c5 7. Bd3 cxd4 8. exd4 Bf5 9. 0-0 Nc6 10. c3 Nd6 11. Qe2 Bxd3 12. Qxd3 Nf5 13. Bg5 h6 14. Bf4 0-0 15. Rfe1 a6 16. Re2 Qd7 17. Rae1 h5 18. Nf1 e6 19. h3 b5 20. a3 Nd6 21. N1d2 Rac8 22. Ne5 Nxe5 23. Bxe5 Bh6 24. g4 hxg4 25. hxg4 Nc4 26. Nxc4 bxc4 27. Qh3 Bg7 28. Kg2 f6 29. Bf4 Rce8 30. g5 f5 31. Be5 Rf7 32. Rh1 1/2-1/2

[Event "Quebec op"]
[Site "Montreal"]
[Date "1992.08.08"]
[Round "8"]
[White "Gagnon, Michel"]
[Black "Seguin, Rene"]
[Result "1-0"]
[WhiteElo "2073"]
[BlackElo "1918"]
[PlyCount "75"]
[EventDate "1992.07.31"]
[EventType "swiss"]
[EventRounds "8"]
[EventCountry "CAN"]
[SourceTitle "EXT 2022"]
[Source "ChessBase"]
[SourceDate "2021.10.06"]
[SourceVersion "1"]
[SourceVersionDate "2021.10.06"]
[SourceQuality "1"]

1. e4 c5 2. Nf3 Nc6 3. d4 cxd4 4. Nxd4 Nf6 5. Nc3 d6 6. Bc4 Qb6 7. Nde2 a6 8. 0-0 e6 9. Bb3 Be7 10. Bg5 Bd7 11. Bxf6 gxf6 12. Kh1 Na5 13. f4 Nxb3 14. axb3 Bc6 15. f5 0-0-0 16. Nf4 d5 17. exd5 e5 18. Qe2 Bd7 19. Nd3 Rdg8 20. Ne4 h5 21. c4 Qxb3 22. d6 Bd8 23. Ndc5 Qb6 24. b4 Bc6 25. b5 Bxe4 26. bxa6 Bxg2+ 27. Qxg2 Rxg2 28. axb7+ Qxb7 29. Nxb7 Rb2 30. Nc5 Kb8 31. Rfb1 Rxb1+ 32. Rxb1+ Ka8 33. Nb7 Ka7 34. c5 Rg8 35. c6 Bb6 36. d7 Bc7 37. Nc5 Bb6 38. c7 1-0